Score 0/10 Timer 01:00
0 Plays Today
% Correct
Lyon, France
81.8%
Brussels, Belgium
78.8%
Bordeaux, France
76.6%
Nantes, France
76.5%
Luxembourg, Luxembourg
75.2%
Amsterdam, Netherlands
69.1%
Geneva, Switzerland
60%
Cologne, Germany
57.6%
Dortmund, Germany
51.8%
Frankfurt, Germany
51.6%

Today's Daily Dose

Remove Ads.
Support Sporcle.
Get the best of Sporcle when you Go Orange. This ad-free experience offers more features, more stats, and more fun while also helping to support Sporcle. Thank you for becoming a member.

You're not logged in!

Compare scores with friends on all Sporcle quizzes.
OR
Log In

Show Comments

Extras

Top Quizzes Today


Score Distribution

Your Account Isn't Verified!

In order to create a playlist on Sporcle, you need to verify the email address you used during registration. Go to your Sporcle Settings to finish the process.

Report this User

Report this user for behavior that violates our Community Guidelines.

Details: